01097 2200253 4500001002100000005001500021035002000036007000300056008004100059020002200100082001000122084001900132100001900151245006100170250003500231300004200266650001200308520036300320264007000683336002100753337003000774338002300804990001600827INLIS00000000116354420240115095009 a0010-0124000022ta240115 g 0 ind  a978-623-6495-23-0 a641.3 aSR 641.3 EDD s0 aEddy Supangkat1 aSejarah kuliner istimewa dari Salatiga /cEddy Supangkat aCetakan pertama, November 2021 avii, 90 halaman :bilustrasi ;c21 cm 4aMakanan aBuku ini berisi tentang sejarah kuliner khas kota Salatiga, antara lain: enting-enting gepuk, wedang ronde, keripik paru, singkong keju, soto, bakso babat, kopi salatiga dan sambal tumbang koyor. Dengan semua keistimewaan kuliner Salatiga beserta catatan sejarahnya maka tampaknya memang sangat layak bila Salatiga diusulkan sebagai Kota Gastronomi ke UNESCO aSalatiga :bDinas Perpustakaan dan Kearsipan Kota Salatiga,c2021 2rdacontentaTeks 2rdamediaaTanpa perantara 2rdacarrieraVolume a52382.65202